书目信息 |
| 题名: |
大学英语词组用法词典
|
|
| 作者: | 赵亮 编写 | |
| 分册: | ||
| 出版信息: | 上海 上海外语教育出版社 1994.12 |
|
| 页数: | 394页 | |
| 开本: | 32开 | |
| 丛书名: | ||
| 单 册: | ||
| 中图分类: | H313-61 | |
| 科图分类: | ||
| 主题词: | 英语 | |
| 电子资源: | ||
| ISBN: | 7-81009-936-1 | |
| 000 | 00564nam0 2200193 45 | |
| 001 | 0009300030 | |
| 005 | 20000930000934.5 | |
| 010 | @a7-81009-936-1@d18.00元 | |
| 100 | @a20000930d1994 km y0chiy0120 ea | |
| 101 | 0 | @achi |
| 105 | @a z 000yy | |
| 200 | 1 | @a大学英语词组用法词典@ADa Xue Ying Yu Ci Zu Yong Fa Ci Dian@f赵亮编写@FZhao Liang Bian Xie |
| 210 | @a上海@c上海外语教育出版社@d1994.12 | |
| 215 | @a394页@d32开 | |
| 606 | 0 | @a英语 |
| 690 | @aH313-61@v3 | |
| 701 | 0 | @a赵亮@4编写 |
| 801 | @aCN@bPftUser@c20000930 | |
| 905 | @b162973-977@dH313-61@eZH.505@f5 | |
| 大学英语词组用法词典/赵亮编写.-上海:上海外语教育出版社,1994.12 |
| 394页;32开 |
| ISBN 7-81009-936-1:18.00元 |
| ● |
| 相关链接 |
|
|
|
正题名:大学英语词组用法词典
索取号:H313-61/ZH.505
 
预约/预借
| 序号 | 登录号 | 条形码 | 馆藏地/架位号 | 状态 | 备注 |
| 1 | 162973 | 201629737 | 语言库209/ [索取号:H313-61/ZH.505] |
已借出,限还日期为2014.09.22 借出人:郭耀民 |
|
| 2 | 162974 | 201629746 | 外国语学院资料室/209语言库 31排3列1层/ [索取号:H313-61/ZH.505] | 在馆 | |
| 3 | 162975 | 201629755 | 语言库209/209语言库 31排3列1层/ [索取号:H313-61/ZH.505] | 在馆 | |
| 4 | 162976 | 201629764 | 语言库209/209语言库 31排3列1层/ [索取号:H313-61/ZH.505] | 在馆 | |
| 5 | 162977 | 201629773 | 语言库209/209语言库 31排3列1层/ [索取号:H313-61/ZH.505] | 在馆 |